000
00293nam a22001337a 4500
003
SGT
082
_a
370
_b
G12R
100
_a
ROSS, JAMES S.
245
_a
GROUND WORK OF EDUCATIONAL THEORY
260
_a
NEW DELHI
_b
SURJEET PUB
_c
2012
300
_a
264
650
_a
EDUCATION
942
_2
ddc
_c
BK
999
_c
12412
_d
12412